[Event "2021 FIDE Online Olympiad"]
[Site "Chess.com"]
[Date "2021.09.04"]
[Round "8"]
[Board "3"]
[White "Mouradian, Knarik"]
[Black "Gelip, Ioana"]
[Result "0-1"]
[WhiteElo "2148"]
[BlackElo "2096"]
[PlyCount "100"]
[EventDate "2021.09.02"]
[EventType "team"]
[EventRounds "9"]
[EventCountry "FID"]
[WhiteTeam "Lebanon"]
[BlackTeam "Ireland"]

1. e4  e6  2. d3  d5  3. Nd2  Nf6  4. Ngf3  c5  5. g3  Nc6  6. Bg2  Be7  7. O-O  O-O  8. e5  Nd7  9. Re1  Qc7  10. Qe2  a5  11. Nf1  b5  12. Bf4  Ba6  13. h4  Rfe8  14. N1h2  Bf8  15. Ng5  g6  16. h5  Nd4  17. Qd1  Bg7  18. hxg6  fxg6  19. c3  Nc6  20. d4  cxd4  21. cxd4  Qb6  22. Be3  Rac8  23. Bh3  Nb4  24. Rc1  Rxc1  25. Bxc1  Nxa2  26. Qf3  Re7  27. Bxe6+  Kh8  28. Qxd5  Nxc1  29. Rxc1  Nf8  30. Nf7+  Kg8  31. Nd6+  Nxe6  32. Rc6  Qxd4  33. Qxd4  Nxd4  34. Rxa6  Bxe5  35. Ra8+  Kg7  36. Ne4  a4  37. Nc5  Ne2+  38. Kg2  Bxb2  39. Ng4  a3  40. Ne3  b4  41. Nd5  Re5  42. Ra7+  Kh6  43. Rd7  a2  44. Nb3  Rxd5  45. Rxd5  Nd4  46. Ra5  Nxb3  47. Rxa2  Bc3  48. Ra8  Nd2  49. f4  b3  50. Kf2  b2   0-1

[Event "2021 FIDE Online Olympiad"]
[Site "Chess.com"]
[Date "2021.09.04"]
[Round "8"]
[Board "4"]
[White "Kanyamarala, Trisha"]
[Black "Jalloul, Maya"]
[Result "1-0"]
[WhiteElo "1811"]
[BlackElo "1876"]
[PlyCount "97"]
[EventDate "2021.09.02"]
[EventType "team"]
[EventRounds "9"]
[EventCountry "FID"]
[WhiteTeam "Ireland"]
[BlackTeam "Lebanon"]

1. d4  Nf6  2. c4  g6  3. Nc3  Bg7  4. e4  d6  5. Nf3  O-O  6. Be2  e5  7. d5  Na6  8. h3  Nc5  9. Qc2  a5  10. Bg5  h6  11. Be3  Nfd7  12. g4  Na6  13. Qd2  Kh7  14. Rg1  Ndc5  15. g5  h5  16. Nh4  Nb4  17. Qd1  Bxh3  18. Rh1  Qc8  19. Bxh5  Nbd3+  20. Kd2  Kg8  21. Bxc5  Nxc5  22. Bf3  c6  23. Qg1  a4  24. Qh2  f6  25. Nxg6  Rf7  26. Qxh3  Qxh3  27. Rxh3  fxg5  28. Ke2  Rf6  29. Ne7+  Kf7  30. Nf5  Rh8  31. Rxh8  Bxh8  32. Rh1  Kg8  33. dxc6  bxc6  34. Ne7+  Kf7  35. Nxc6  Bg7  36. Nd5  Rh6  37. Rxh6  Bxh6  38. Nc3  Ke6  39. Bg4+  Kf7  40. Na5  Bf8  41. b4  axb3  42. axb3  Ne6  43. Bxe6+  Kxe6  44. b4  Be7  45. Nc6  Bf6  46. Nd5  Bg7  47. b5  Kd7  48. Nce7  Bf8  49. b6   1-0

[Event "2021 FIDE Online Olympiad"]
[Site "Chess.com"]
[Date "2021.09.04"]
[Round "8"]
[Board "5"]
[White "Arkadan, Adib"]
[Black "Kanyamarala, Tarun"]
[Result "1-0"]
[WhiteElo "1786"]
[BlackElo "2018"]
[PlyCount "113"]
[EventDate "2021.09.02"]
[EventType "team"]
[EventRounds "9"]
[EventCountry "FID"]
[WhiteTeam "Lebanon"]
[BlackTeam "Ireland"]

1. d4  f5  2. Bg5  h6  3. Bh4  g5  4. e4  Nf6  5. e5  e6  6. exf6  Qxf6  7. Bg3  f4  8. Bd3  fxg3  9. hxg3  Nc6  10. c3  d5  11. Qh5+  Kd8  12. Nf3  Bg7  13. Nbd2  Bd7  14. O-O-O  Ke7  15. Rhe1  Raf8  16. Nb3  Kd8  17. Nc5  Bc8  18. Bb5  Ne7  19. Nd3  c6  20. Ba4  Bd7  21. Nc5  Bc8  22. Bc2  b6  23. Nd3  Bd7  24. g4  Be8  25. Qh2  Nc8  26. Qb8  Qe7  27. Re2  Qc7  28. Qxc7+  Kxc7  29. Rxe6  Bd7  30. Rg6  Bf6  31. Rh1  Bxg4  32. Nfe5  Bf5  33. Rgxh6  Rxh6  34. Rxh6  g4  35. f4  gxf3  36. Nxf3  Bg7  37. Rh1  Rg8  38. Nf4  Bd7  39. Kd1  Nd6  40. Rh7  Nc4  41. Nh5  Bh8  42. Ke1  Ne3  43. Bd3  Kd8  44. Nf4  Bf6  45. Kf2  Nd1+  46. Ke2  Nxb2  47. Bg6  Na4  48. Bf7  Rg7  49. Rxg7  Bxg7  50. Kd2  Bh6  51. g3  Bf5  52. Ne5  Kc7  53. Be8  Nb2  54. Bxc6  Kd6  55. Bb5  Be4  56. Nf7+  Ke7  57. Nxh6   1-0

[Event "2021 FIDE Online Olympiad"]
[Site "Chess.com"]
[Date "2021.09.04"]
[Round "8"]
[Board "1"]
[White "Tin, Jingyao"]
[Black "Priasmoro, Novendra"]
[Result "1-0"]
[WhiteElo "2352"]
[BlackElo "2312"]
[PlyCount "119"]
[EventDate "2021.09.02"]
[EventType "team"]
[EventRounds "9"]
[EventCountry "FID"]
[WhiteTeam "Singapore"]
[BlackTeam "Indonesia"]

1. d4  Nf6  2. c4  g6  3. Nc3  Bg7  4. Nf3  O-O  5. e4  d6  6. Be2  Na6  7. O-O  e5  8. Be3  c6  9. dxe5  dxe5  10. Qxd8  Rxd8  11. Rfd1  Re8  12. h3  Bf8  13. a3  Nc5  14. Nd2  a5  15. Bxc5  Bxc5  16. Na4  Bf8  17. c5  Be6  18. f3  Nd7  19. b4  axb4  20. axb4  b5  21. Nc3  Nxc5  22. bxc5  Bxc5+  23. Kf1  Bd4  24. Rxa8  Rxa8  25. Rc1  Be3  26. Ke1  Rd8  27. Rc2  Bb6  28. Ncb1  Rd6  29. Rc3  Bd4  30. Rc2  f5  31. Kd1  Be3  32. Rc3  f4  33. Rd3  Bd4  34. Ra3  Rd8  35. Kc2  Rb8  36. Ra6  Bd7  37. Nc3  Kf7  38. Nb3  Bb6  39. Ra1  Ke7  40. Ra6  Kd6  41. Ra1  Kc7  42. Rd1  Be6  43. Kb2  Be3  44. Kc2  Ra8  45. Kb2  b4  46. Nb1  c5  47. N1d2  Rd8  48. Kc2  Ra8  49. Ra1  Rxa1  50. Nxa1  Bxd2  51. Kxd2  c4  52. Nc2  c3+  53. Kd3  b3  54. Na3  c2  55. Kd2  Kc6  56. Bc4  Bxc4  57. Nxc4  Kc5  58. Nxe5  Kb4  59. Nd3+  Ka3  60. Kc1   1-0

[Event "2021 FIDE Online Olympiad"]
[Site "Chess.com"]
[Date "2021.09.04"]
[Round "8"]
[Board "2"]
[White "Ervan, Mohamad"]
[Black "Hsu, Li Yang"]
[Result "0-1"]
[WhiteElo "2375"]
[BlackElo "2427"]
[PlyCount "72"]
[EventDate "2021.09.02"]
[EventType "team"]
[EventRounds "9"]
[EventCountry "FID"]
[WhiteTeam "Indonesia"]
[BlackTeam "Singapore"]

1. e4  e6  2. d4  d5  3. Nd2  Be7  4. Bd3  Nf6  5. e5  Nfd7  6. c3  c5  7. Ne2  b6  8. Nf4  Ba6  9. Bxa6  Nxa6  10. a3  b5  11. Qg4  g6  12. h4  h5  13. Qe2  Nc7  14. dxc5  Nxc5  15. Nf3  Nb3  16. Rb1  a5  17. Be3  Qd7  18. O-O  a4  19. g3  Na6  20. Nd4  Nxd4  21. cxd4  Rc8  22. b3  axb3  23. Rxb3  Rc4  24. Rfb1  Nc7  25. Nd3  O-O  26. g4  hxg4  27. Qxg4  Kg7  28. h5  Rh8  29. hxg6  Rh4  30. Qg3  fxg6  31. Nf4  Qe8  32. Kg2  Qf7  33. Rxb5  Nxb5  34. Rxb5  Qf5  35. Kf3  Qe4+  36. Ke2  Rc2+   0-1

[Event "2021 FIDE Online Olympiad"]
[Site "Chess.com"]
[Date "2021.09.04"]
[Round "8"]
[Board "3"]
[White "Gong, Qianyun"]
[Black "Aulia, Medina Warda"]
[Result "1/2-1/2"]
[WhiteElo "2322"]
[BlackElo "2344"]
[PlyCount "59"]
[EventDate "2021.09.02"]
[EventType "team"]
[EventRounds "9"]
[EventCountry "FID"]
[WhiteTeam "Singapore"]
[BlackTeam "Indonesia"]

1. d4  e6  2. Nc3  d5  3. Bf4  Nf6  4. e3  Be7  5. Nf3  O-O  6. Bd3  c5  7. O-O  Nc6  8. h3  h6  9. a3  Bd6  10. dxc5  Bxc5  11. e4  dxe4  12. Nxe4  Nxe4  13. Bxe4  Qf6  14. Qc1  Nd4  15. Nxd4  Bxd4  16. c3  Bb6  17. a4  a5  18. Be3  Bc7  19. f4  Ra6  20. Kh1  Bb6  21. Bd3  Bxe3  22. Qxe3  Rd6  23. Qe4  g6  24. Bb5  Rfd8  25. Rae1  b6  26. Rf2  Rd5  27. Qe3  R5d6  28. Qe4  Rd5  29. Bc4  R5d6  30. Bb5   1/2-1/2

[Event "2021 FIDE Online Olympiad"]
[Site "Chess.com"]
[Date "2021.09.04"]
[Round "8"]
[Board "4"]
[White "Sihite, Chelsie Monica Ignesias"]
[Black "Liu, Yang Hazel"]
[Result "1-0"]
[WhiteElo "2233"]
[BlackElo "2065"]
[PlyCount "177"]
[EventDate "2021.09.02"]
[EventType "team"]
[EventRounds "9"]
[EventCountry "FID"]
[WhiteTeam "Indonesia"]
[BlackTeam "Singapore"]

1. c4  Nf6  2. g3  g6  3. Bg2  Bg7  4. Nf3  O-O  5. O-O  d5  6. cxd5  Nxd5  7. Nc3  Nb6  8. d3  Nc6  9. Be3  e5  10. Rc1  Nd4  11. a4  Be6  12. Bxd4  exd4  13. Ne4  Bd5  14. Nc5  a5  15. Ne1  Re8  16. Bxd5  Qxd5  17. Ng2  Bh6  18. Rc2  Nd7  19. Nxd7  Qxd7  20. b3  Ra6  21. f4  f5  22. Nh4  Rae6  23. Nf3  Bg7  24. Rf2  b6  25. Qc1  c5  26. Rd2  Bf6  27. Qc4  Kg7  28. h4  h5  29. Kf1  R8e7  30. Qc1  Qd5  31. Rb2  Re3  32. Qc4  Qd7  33. Qb5  Qb7  34. Rc2  R3e6  35. Qc4  Qd7  36. Rd2  Qb7  37. Qc2  Qd5  38. Qd1  Qc6  39. Kg2  Qe8  40. Kh3  Qc6  41. Rb2  Qe8  42. Qf1  Re3  43. Rc2  R3e6  44. Rd2  Kg8  45. Ne1  Kg7  46. Nc2  Kg8  47. Na3  Kg7  48. Nc4  Kh7  49. Qg2  Qc6  50. Qxc6  Rxc6  51. Rc2  Rce6  52. Kg2  Kg7  53. Kf1  Kg8  54. Na3  Kg7  55. Nc4  Kf8  56. Rf3  Ke8  57. Ke1  Kd8  58. Kd1  Kc7  59. Ke1  Kb7  60. Rf2  Re8  61. Kf1  R8e7  62. Rg2  Re8  63. Kf2  R8e7  64. Rg1  Re8  65. Rgc1  R8e7  66. Rd2  Re8  67. Na3  R8e7  68. Nc2  Re8  69. Na3  R8e7  70. Nc4  Re8  71. Kf3  R8e7  72. Rdc2  Re8  73. Re1  R8e7  74. e4  dxe3  75. Rxe3  Bd4  76. Rxe6  Rxe6  77. Re2  Rxe2  78. Kxe2  Kc6  79. Kf3  Bc3  80. Ne5+  Kd5  81. Nxg6  Bf6  82. Ke3  Bd4+  83. Ke2  Bf6  84. Nf8  Kd4  85. Kd2  Kd5  86. Nd7  Bd8  87. Ne5  Bc7  88. Nc4  Kd4  89. Ne3   1-0

[Event "2021 FIDE Online Olympiad"]
[Site "Chess.com"]
[Date "2021.09.04"]
[Round "8"]
[Board "5"]
[White "Lee, Qing Aun"]
[Black "Tarigan, Gilbert Elroy"]
[Result "1/2-1/2"]
[WhiteElo "2049"]
[BlackElo "2084"]
[PlyCount "70"]
[EventDate "2021.09.02"]
[EventType "team"]
[EventRounds "9"]
[EventCountry "FID"]
[WhiteTeam "Singapore"]
[BlackTeam "Indonesia"]

1. e4  c5  2. Nf3  Nc6  3. d4  cxd4  4. Nxd4  Nf6  5. Nc3  d6  6. Bg5  e6  7. Qd2  a6  8. O-O-O  Bd7  9. f4  Be7  10. Nb3  b5  11. Bxf6  gxf6  12. Kb1  Qb6  13. h4  h5  14. Rh3  b4  15. Ne2  a5  16. Qd3  a4  17. Nd2  Na5  18. Nc1  Rc8  19. Rf3  a3  20. b3  Rc3  21. Qa6  Qxa6  22. Bxa6  Rg8  23. Bf1  Bc6  24. Ne2  Rxf3  25. gxf3  e5  26. c4  Nb7  27. Bh3  Bd8  28. Nf1  Bb6  29. Nfg3  Rh8  30. Nf5  Bc5  31. Neg3  Kf8  32. Ne2  Rg8  33. Neg3  Rh8  34. Ne2  Rg8  35. Neg3  Rh8   1/2-1/2

[Event "2021 FIDE Online Olympiad"]
[Site "Chess.com"]
[Date "2021.09.04"]
[Round "8"]
[Board "6"]
[White "Nur Abidah, Shanti"]
[Black "Hng, Mei-En Emmanuelle"]
[Result "1-0"]
[WhiteElo "1908"]
[BlackElo "1634"]
[PlyCount "79"]
[EventDate "2021.09.02"]
[EventType "team"]
[EventRounds "9"]
[EventCountry "FID"]
[WhiteTeam "Indonesia"]
[BlackTeam "Singapore"]

1. e4  d6  2. d4  Nf6  3. Bd3  g6  4. Nf3  Bg7  5. h3  O-O  6. O-O  c5  7. c3  Nc6  8. Be3  cxd4  9. cxd4  Nb4  10. Nc3  Nxd3  11. Qxd3  Bd7  12. Rac1  Qa5  13. a3  Rac8  14. Rfd1  Ba4  15. b4  Rxc3  16. Rxc3  Qd8  17. Rdc1  d5  18. e5  Ne4  19. Rc7  Bc6  20. R7xc6  bxc6  21. Rxc6  f5  22. Qa6  Qb8  23. Rc2  Qb6  24. Qxb6  axb6  25. Rc7  f4  26. Bc1  Kf7  27. Ne1  g5  28. Nd3  Ra8  29. b5  Ra4  30. Nb4  h5  31. Bb2  Ra5  32. Nxd5  Bf8  33. Nxb6  Rxb5  34. Nc4  g4  35. f3  gxf3  36. gxf3  Nd2  37. Nd6+  Ke6  38. Nxb5  Nxf3+  39. Kf2  Nd2  40. Nc3   1-0

[Event "2021 FIDE Online Olympiad"]
[Site "Chess.com"]
[Date "2021.09.04"]
[Round "9"]
[Board "1"]
[White "Megaranto, Susanto"]
[Black "Song, Raymond"]
[Result "1/2-1/2"]
[WhiteElo "2517"]
[BlackElo "2254"]
[PlyCount "58"]
[EventDate "2021.09.02"]
[EventType "team"]
[EventRounds "9"]
[EventCountry "FID"]
[WhiteTeam "Indonesia"]
[BlackTeam "Chinese Taipei"]

1. e4  c6  2. c4  d5  3. exd5  cxd5  4. cxd5  Nf6  5. Nc3  Nxd5  6. Nf3  g6  7. Bb5+  Nc6  8. Qa4  Nb6  9. Bxc6+  bxc6  10. Qxc6+  Bd7  11. Qe4  Bg7  12. O-O  O-O  13. d4  Rc8  14. Qh4  Bc6  15. Ne5  Bf6  16. Qf4  Ba8  17. Be3  Nd5  18. Nxd5  Qxd5  19. f3  Rc2  20. Rf2  Rfc8  21. b3  R2c3  22. Bd2  Rc2  23. Be3  R2c3  24. Re1  h5  25. h4  Bb7  26. Bd2  Rc2  27. Be3  R2c3  28. Bd2  Rc2  29. Be3  R2c3   1/2-1/2

[Event "2021 FIDE Online Olympiad"]
[Site "Chess.com"]
[Date "2021.09.04"]
[Round "9"]
[Board "2"]
[White "Liu, Yeh Yang"]
[Black "Ervan, Mohamad"]
[Result "0-1"]
[WhiteElo "2004"]
[BlackElo "2375"]
[PlyCount "154"]
[EventDate "2021.09.02"]
[EventType "team"]
[EventRounds "9"]
[EventCountry "FID"]
[WhiteTeam "Chinese Taipei"]
[BlackTeam "Indonesia"]

1. e4  e5  2. Nc3  Nf6  3. g3  Bc5  4. Bg2  d6  5. Nge2  a6  6. h3  Nc6  7. O-O  h5  8. d3  h4  9. Bg5  hxg3  10. Nxg3  Nd4  11. h4  Ne6  12. Qd2  g6  13. Bf3  Nxg5  14. Qxg5  c6  15. Kg2  Be6  16. Rh1  Nd7  17. Qxd8+  Kxd8  18. h5  gxh5  19. Rxh5  Rxh5  20. Bxh5  Ke7  21. Rh1  Rh8  22. b3  d5  23. exd5  cxd5  24. Bf3  Rxh1  25. Nxh1  Kd6  26. Ng3  f5  27. Na4  e4  28. dxe4  dxe4  29. Bxe4  fxe4  30. Nxe4+  Kc6  31. Naxc5  Nxc5  32. Nd2  Bf5  33. c4  Ne4  34. Nf1  Nc3  35. Ne3  Bb1  36. a3  Ba2  37. b4  Bb3  38. f4  Nd1  39. b5+  axb5  40. cxb5+  Kxb5  41. Nf5  Ka4  42. Nd6  Kxa3  43. f5  b6  44. f6  Ne3+  45. Kf3  Nc4  46. Nb5+  Kb4  47. Nd4  Nd6  48. Kf4  Bc4  49. Nc6+  Kc3  50. Ne5  b5  51. Nc6  b4  52. Na5  b3  53. Nxb3  Kxb3  54. Ke5  Nf7+  55. Kd4  Kb4  56. Ke4  Kc5  57. Kf5  Kd6  58. Kg6  Ke6  59. Kg7  Bd3  60. Kf8  Kxf6  61. Kg8  Bf5  62. Kf8  Bh7  63. Ke8  Ne5  64. Kf8  Nd7+  65. Ke8  Ke6  66. Kd8  Kd6  67. Kc8  Be4  68. Kd8  Bg6  69. Kc8  Nc5  70. Kd8  Nb7+  71. Kc8  Kc6  72. Kb8  Kb6  73. Kc8  Bf5+  74. Kb8  Bd7  75. Ka8  Nc5  76. Kb8  Na6+  77. Ka8  Bc6#   0-1

[Event "2021 FIDE Online Olympiad"]
[Site "Chess.com"]
[Date "2021.09.04"]
[Round "9"]
[Board "3"]
[White "Aulia, Medina Warda"]
[Black "Chen, Chi"]
[Result "1-0"]
[WhiteElo "2344"]
[BlackElo "1353"]
[PlyCount "85"]
[EventDate "2021.09.02"]
[EventType "team"]
[EventRounds "9"]
[EventCountry "FID"]
[WhiteTeam "Indonesia"]
[BlackTeam "Chinese Taipei"]

1. e4  e6  2. d4  d5  3. Nd2  Nc6  4. Ngf3  Nf6  5. e5  Nd7  6. c3  f6  7. exf6  Qxf6  8. Be2  Bd6  9. Nf1  h6  10. Ne3  O-O  11. O-O  Qf7  12. c4  e5  13. cxd5  Nxd4  14. Nxd4  exd4  15. Qxd4  Nb6  16. Bd2  Qg6  17. Qd3  Qf6  18. Bc3  Qg5  19. Rad1  Bd7  20. b3  Rae8  21. Kh1  Qh4  22. g3  Qg5  23. f4  Qe7  24. Bd4  Nxd5  25. Qc4  Bc6  26. Bf3  Qf7  27. Nxd5  Kh8  28. a4  a6  29. Ne3  Bxf3+  30. Rxf3  Qf5  31. Nxf5  Rxf5  32. Re3  Ref8  33. Rde1  Kh7  34. Be5  Bxe5  35. Rxe5  R5f7  36. Qd3+  Kg8  37. Re8  c6  38. Rxf8+  Rxf8  39. Qd7  b5  40. Re7  Kh8  41. Rxg7  bxa4  42. Rh7+  Kg8  43. Qg7#   1-0

[Event "2021 FIDE Online Olympiad"]
[Site "Chess.com"]
[Date "2021.09.04"]
[Round "9"]
[Board "4"]
[White "Shih, Ching-An"]
[Black "Sihite, Chelsie Monica Ignesias"]
[Result "0-1"]
[WhiteElo "1680"]
[BlackElo "2233"]
[PlyCount "92"]
[EventDate "2021.09.02"]
[EventType "team"]
[EventRounds "9"]
[EventCountry "FID"]
[WhiteTeam "Chinese Taipei"]
[BlackTeam "Indonesia"]

1. e4  c5  2. Nf3  d6  3. c3  e6  4. Be2  Nf6  5. O-O  Be7  6. d3  O-O  7. Nbd2  Nc6  8. Re1  b5  9. Nf1  b4  10. Bd2  a5  11. a4  bxc3  12. bxc3  c4  13. d4  Nxe4  14. Bxc4  Nxd2  15. Qxd2  Ba6  16. Ne3  Bxc4  17. Nxc4  Qc7  18. Na3  Na7  19. Rab1  Rab8  20. c4  Rfc8  21. Qc3  h6  22. Rec1  Bd8  23. Nb5  Nxb5  24. axb5  Qd7  25. Qa3  f6  26. Qd3  Bb6  27. h3  Qa7  28. Qe4  Qf7  29. Qd3  e5  30. dxe5  dxe5  31. Qd6  Bc5  32. Qd3  a4  33. Ra1  Ra8  34. Nd2  f5  35. Nb1  e4  36. Qe2  Re8  37. Nc3  a3  38. Nd5  f4  39. Qg4  e3  40. Qxf4  exf2+  41. Kf1  Qg6  42. Qf3  Rf8  43. Qe2  Rae8  44. Qd2  Qg3  45. Nc7  Re1+  46. Rxe1  fxe1=Q#   0-1

[Event "2021 FIDE Online Olympiad"]
[Site "Chess.com"]
[Date "2021.09.04"]
[Round "9"]
[Board "5"]
[White "Arfan, Aditya Bagus"]
[Black "Bai, Adelard"]
[Result "1/2-1/2"]
[WhiteElo "1772"]
[BlackElo "1720"]
[PlyCount "71"]
[EventDate "2021.09.02"]
[EventType "team"]
[EventRounds "9"]
[EventCountry "FID"]
[WhiteTeam "Indonesia"]
[BlackTeam "Chinese Taipei"]

1. Nf3  d5  2. c4  c6  3. g3  Nf6  4. Bg2  dxc4  5. O-O  b5  6. a4  Bb7  7. b3  cxb3  8. Qxb3  a6  9. Ba3  e6  10. Bxf8  Rxf8  11. d4  Nbd7  12. Nbd2  Qb6  13. e4  c5  14. e5  c4  15. Qb2  Ne4  16. Nxe4  Bxe4  17. Ng5  Bxg2  18. Kxg2  b4  19. a5  Qb7+  20. f3  Ke7  21. d5  Qxd5  22. Qxb4+  Qc5  23. Qxc5+  Nxc5  24. Rac1  Nd3  25. Rxc4  Rfc8  26. Rxc8  Rxc8  27. Rb1  Rc2+  28. Kh3  Rb2  29. Rxb2  Nxb2  30. Ne4  Nc4  31. f4  f6  32. exf6+  gxf6  33. Nc5  Kd6  34. Nxa6  Nxa5  35. Nb4  Kc5  36. Nc2   1/2-1/2

[Event "2021 FIDE Online Olympiad"]
[Site "Chess.com"]
[Date "2021.09.04"]
[Round "9"]
[Board "6"]
[White "Weng, Yu-Hsin"]
[Black "Nur Abidah, Shanti"]
[Result "0-1"]
[WhiteElo "1000"]
[BlackElo "1908"]
[PlyCount "96"]
[EventDate "2021.09.02"]
[EventType "team"]
[EventRounds "9"]
[EventCountry "FID"]
[WhiteTeam "Chinese Taipei"]
[BlackTeam "Indonesia"]

1. d4  d5  2. Nf3  Nf6  3. c4  e6  4. Nc3  c6  5. Bg5  Nbd7  6. e3  h6  7. Bh4  Be7  8. cxd5  exd5  9. Bd3  O-O  10. O-O  Ne4  11. Bxe7  Qxe7  12. Qc2  f5  13. Bxe4  fxe4  14. Nd2  Qg5  15. Qd1  Nf6  16. f4  exf3  17. Qxf3  Bg4  18. Qf4  Qg6  19. Qg3  Nh5  20. Qe1  Bh3  21. Qe2  Bf5  22. e4  dxe4  23. Ndxe4  Rae8  24. Qc4+  Kh7  25. Rae1  Bxe4  26. Nxe4  Rxf1+  27. Kxf1  Rxe4  28. Rxe4  Qxe4  29. g3  Nf6  30. Qf7  Qb1+  31. Kg2  Qxb2+  32. Kh1  Qxd4  33. Qe6  Qd5+  34. Qxd5  Nxd5  35. Kg2  Kg6  36. Kf3  Kf5  37. h4  Ke5  38. h5  b5  39. g4  a5  40. Kg3  c5  41. Kh4  Kf4  42. Kh3  c4  43. Kh4  c3  44. Kh3  c2  45. Kg2  c1=Q  46. Kh2  Qd2+  47. Kh1  Kg3  48. g5  Qe1#   0-1

[Event "2021 FIDE Online Olympiad"]
[Site "Chess.com"]
[Date "2021.09.04"]
[Round "9"]
[Board "1"]
[White "Delaney, Killian"]
[Black "Tin, Jingyao"]
[Result "1/2-1/2"]
[WhiteElo "2132"]
[BlackElo "2352"]
[PlyCount "112"]
[EventDate "2021.09.02"]
[EventType "team"]
[EventRounds "9"]
[EventCountry "FID"]
[WhiteTeam "Ireland"]
[BlackTeam "Singapore"]

1. e4  e5  2. Nf3  Nc6  3. Bc4  Nf6  4. d3  Bc5  5. O-O  d6  6. c3  a6  7. a4  Ba7  8. Be3  O-O  9. Bxa7  Rxa7  10. Nbd2  Ra8  11. b4  Ne7  12. Re1  Ng6  13. d4  Qe7  14. Qb3  h6  15. Nf1  Nf4  16. Ng3  g6  17. h3  Nh7  18. dxe5  dxe5  19. Ne2  Nh5  20. Ng3  Nxg3  21. fxg3  Bd7  22. Rad1  Nf6  23. g4  b5  24. axb5  axb5  25. Bd3  c6  26. c4  Kg7  27. Qc3  Rfe8  28. Ra1  Rxa1  29. Rxa1  bxc4  30. Qxc4  Rb8  31. Qc3  Qxb4  32. Qxe5  Qb2  33. Qxb2  Rxb2  34. Ra7  Be8  35. e5  Nd5  36. Bc4  Kf8  37. Bxd5  cxd5  38. h4  Rb4  39. g5  hxg5  40. hxg5  Bc6  41. Kf2  d4  42. Rc7  Be4  43. Rd7  Rb2+  44. Kg3  d3  45. Kf4  Re2  46. Rd4  Bxf3  47. gxf3  d2  48. Kg4  Rg2+  49. Kf4  Re2  50. Kg4  Ke7  51. f4  Ke6  52. Kf3  Rh2  53. Rd6+  Ke7  54. Rd4  Ke6  55. Rd6+  Ke7  56. Rd4  Ke6   1/2-1/2

[Event "2021 FIDE Online Olympiad"]
[Site "Chess.com"]
[Date "2021.09.04"]
[Round "9"]
[Board "2"]
[White "Hsu, Li Yang"]
[Black "Jessel, Stephen"]
[Result "1-0"]
[WhiteElo "2427"]
[BlackElo "2294"]
[PlyCount "59"]
[EventDate "2021.09.02"]
[EventType "team"]
[EventRounds "9"]
[EventCountry "FID"]
[WhiteTeam "Singapore"]
[BlackTeam "Ireland"]

1. d4  e6  2. c4  b6  3. Nc3  Bb7  4. f3  f5  5. Nh3  Bb4  6. Qd3  Nc6  7. e3  Qh4+  8. g3  Qh5  9. Bg2  Nf6  10. Bd2  O-O  11. O-O  Rae8  12. a3  Bd6  13. b4  e5  14. d5  e4  15. fxe4  fxe4  16. Nxe4  Nxe4  17. Rxf8+  Bxf8  18. dxc6  Bxc6  19. Nf4  Qe5  20. Re1  b5  21. Bc1  g5  22. Nh5  bxc4  23. Qxc4+  Re6  24. Rf1  Be7  25. Qc2  Nd6  26. Bxc6  dxc6  27. Qxc6  Bd8  28. Qd7  Re8  29. g4  Qe6  30. Qg7#   1-0

[Event "2021 FIDE Online Olympiad"]
[Site "Chess.com"]
[Date "2021.09.04"]
[Round "9"]
[Board "3"]
[White "Gelip, Ioana"]
[Black "Gong, Qianyun"]
[Result "0-1"]
[WhiteElo "2096"]
[BlackElo "2322"]
[PlyCount "90"]
[EventDate "2021.09.02"]
[EventType "team"]
[EventRounds "9"]
[EventCountry "FID"]
[WhiteTeam "Ireland"]
[BlackTeam "Singapore"]

1. e4  c5  2. Nf3  Nc6  3. Bb5  g6  4. O-O  Bg7  5. Nc3  d6  6. d4  cxd4  7. Nxd4  Bd7  8. Nxc6  bxc6  9. Bc4  Nf6  10. Qe2  O-O  11. Bg5  Qa5  12. Bh4  Rab8  13. Bb3  Bg4  14. f3  Be6  15. f4  Bg4  16. Qd2  Qb4  17. Rae1  Be6  18. f5  Bxb3  19. axb3  Rb7  20. Kh1  Ng4  21. h3  Ne5  22. f6  exf6  23. Bxf6  Rd7  24. Bxg7  Kxg7  25. Qf4  f6  26. Rd1  Qb8  27. Rd2  Qe8  28. Rfd1  Qe7  29. Qh4  Qe6  30. Ne2  Re8  31. Nc3  Nf7  32. Qf2  Rde7  33. Rd4  Qe5  34. Ra4  Ng5  35. Rxa7  Nxe4  36. Nxe4  Qxe4  37. Rxd6  Rxa7  38. Qxa7+  Re7  39. Qf2  Qe5  40. Rxc6  Qxb2  41. b4  f5  42. Qc5  Qc1+  43. Kh2  Qf4+  44. g3  Qd2+  45. Kg1  Re1#   0-1

[Event "2021 FIDE Online Olympiad"]
[Site "Chess.com"]
[Date "2021.09.04"]
[Round "9"]
[Board "4"]
[White "Hng, Mei-Xian Eunice"]
[Black "Lowry-O`Reilly, Hannah"]
[Result "1-0"]
[WhiteElo "1486"]
[BlackElo "1708"]
[PlyCount "57"]
[EventDate "2021.09.02"]
[EventType "team"]
[EventRounds "9"]
[EventCountry "FID"]
[WhiteTeam "Singapore"]
[BlackTeam "Ireland"]

1. e4  e6  2. d4  d5  3. Nc3  Nf6  4. Bg5  Be7  5. e5  Nfd7  6. h4  Nc6  7. Nf3  Bxg5  8. hxg5  Nf8  9. Bd3  Bd7  10. Qd2  Qe7  11. a3  O-O-O  12. O-O-O  Ng6  13. Rh5  f5  14. Rdh1  Nf8  15. Na4  Be8  16. R5h4  Kb8  17. Nc5  Bg6  18. Qc3  Nd7  19. Na6+  Kc8  20. Bb5  Ndb8  21. Nc5  Rhf8  22. g3  Rf7  23. Qb3  b6  24. Na6  Rdf8  25. Rf4  Kd8  26. Qc3  Nxa6  27. Qxc6  Nb8  28. Qb7  a6  29. Qxb8#   1-0